01018nas a2200241 a 450000500170000000800410001702200140005804000240007204100080009604400070010424500770011124600610018824600190024926000880026830000340035631000060039065000490039665000710044565100730051665100370058971000750062671000750070120170130151203.0881109u19589999ck x p r f0 0b0spa d a0120-0798 aCO-BoBLA cCO-BoBLA0 aspa ack00aAcodal : bAsociación Colombiana de Ingeniería Sanitaria y Ambiental1 aAsociación Colombiana de Acueductos y Alcantarillados.14aAcodal revista aBogotá : bAsociación Colombiana de Ingeniería Sanitaria y Ambiental, c1958- bilustraciones ; c24 x 21 cm. au 4aAcueductoszColombiavPublicaciones seriadas26aEvacuación de aguas residualeszColombiavPublicaciones seriadas24aBogotá (Colombia)vPublicaciones seriadaszPublicaciones seriadas.24aColombiavPublicaciones seriadas2 aAsociación Colombiana de Acueductos y Alcantarillados : c(Bogotá)2 aACODAL (Asociación colombiana de ingeniería sanitaria y ambiental)